[Event "MSRCH16"]
[Site "?"]
[Date "2026.04.10"]
[Round "1.21"]
[White "Hudak, Michal"]
[Black "Papay, Aurel"]
[Result "1-0"]
[BlackElo "1625"]
[WhiteElo "1804"]
[LiveChessVersion "1.4.8"]

1. d4 {[%clk 1:30:58]} Nf6 {[%clk 1:30:44]} 2. Nf3 {[%clk 1:31:10]} g6
{[%clk 1:30:46]} 3. g3 {[%clk 1:31:33]} Bg7 {[%clk 1:30:49]} 4. Bg2
{[%clk 1:31:58]} O-O {[%clk 1:31:05]} 5. O-O {[%clk 1:32:01]} d6 {[%clk 1:30:26]}
6. Nbd2 {[%clk 1:28:24]} Nbd7 {[%clk 1:26:41]} 7. c4 {[%clk 1:27:01]} e5
{[%clk 1:24:13]} 8. d5 {[%clk 1:22:28]} a5 {[%clk 1:19:46]} 9. e4
{[%clk 1:18:11]} Nc5 {[%clk 1:17:55]} 10. Qc2 {[%clk 1:16:12]} Bd7
{[%clk 0:59:31]} 11. Ne1 {[%clk 1:03:31]} Qc8 {[%clk 0:57:16]} 12. b3
{[%clk 0:52:33]} Bg4 {[%clk 0:45:13]} 13. f3 {[%clk 0:51:52]} Bh3
{[%clk 0:45:12]} 14. Bb2 {[%clk 0:46:36]} Bxg2 {[%clk 0:43:24]} 15. Nxg2
{[%clk 0:46:35]} Nh5 {[%clk 0:39:32]} 16. f4 {[%clk 0:41:53]} f6 {[%clk 0:35:12]}
17. f5 {[%clk 0:38:31]} Bh8 {[%clk 0:25:10]} 18. Ne3 {[%clk 0:35:01]} Ng7
{[%clk 0:18:44]} 19. Ng4 {[%clk 0:35:07]} h5 {[%clk 0:17:19]} 20. Ne3
{[%clk 0:34:20]} g5 {[%clk 0:15:22]} 21. a3 {[%clk 0:28:08]} b6 {[%clk 0:10:00]}
22. b4 {[%clk 0:23:12]} axb4 {[%clk 0:09:02]} 23. axb4 {[%clk 0:23:35]} Nd7
{[%clk 0:09:02]} 24. Nb3 {[%clk 0:23:15]} Qb7 {[%clk 0:07:11]} 25. Ba3
{[%clk 0:18:41]} Rfb8 {[%clk 0:06:33]} 26. Rfb1 {[%clk 0:18:01]} Ra6
{[%clk 0:02:42]} 27. c5 {[%clk 0:13:57]} bxc5 {[%clk 0:02:42]} 28. bxc5
{[%clk 0:14:06]} Qa7 {[%clk 0:02:19]} 29. Nc4 {[%clk 0:12:53]} Rxb3
{[%clk 0:01:07]} 30. Qxb3 {[%clk 0:12:21]} Nxc5 {[%clk 0:00:36]} 31. Bxc5
{[%clk 0:11:40]} Qxc5+ {[%clk 0:00:50]} 32. Kg2 {[%clk 0:11:52]} Rxa1
{[%clk 0:00:43]} 33. Rxa1 {[%clk 0:12:20]} Qd4 {[%clk 0:01:02]} 34. Ra8+
{[%clk 0:11:50]} Kh7 {[%clk 0:01:25]} 35. Qc2 {[%clk 0:11:33]} h4
{[%clk 0:01:07]} 36. Qe2 {[%clk 0:11:16]} hxg3 {[%clk 0:00:44]} 37. hxg3
{[%clk 0:11:29]} Qc3 {[%clk 0:00:36]} 38. Ne3 {[%clk 0:11:18]} c5
{[%clk 0:00:35]} 39. Ng4 {[%clk 0:11:26]} 1-0

[Event "MSRCH16"]
[Site "?"]
[Date "2026.04.10"]
[Round "1.22"]
[White "Kis, Arnold"]
[Black "Vavra, Martin"]
[Result "1-0"]
[BlackElo "1798"]
[WhiteElo "1619"]
[LiveChessVersion "1.4.8"]

1. e4 {[%clk 1:30:58]} e6 {[%clk 1:30:35]} 2. d4 {[%clk 1:31:17]} d5
{[%clk 1:30:58]} 3. exd5 {[%clk 1:30:25]} exd5 {[%clk 1:31:20]} 4. Nf3
{[%clk 1:30:37]} Bd6 {[%clk 1:31:07]} 5. c4 {[%clk 1:28:16]} Nf6 {[%clk 1:28:03]}
6. Nc3 {[%clk 1:22:45]} dxc4 {[%clk 1:25:53]} 7. Bxc4 {[%clk 1:22:19]} O-O
{[%clk 1:25:47]} 8. O-O {[%clk 1:22:30]} Bg4 {[%clk 1:25:41]} 9. Qd3
{[%clk 1:18:27]} Nc6 {[%clk 1:23:33]} 10. d5 {[%clk 1:05:22]} Bxf3
{[%clk 1:20:01]} 11. Qxf3 {[%clk 1:04:48]} Ne5 {[%clk 1:20:16]} 12. Qe2
{[%clk 1:01:51]} Re8 {[%clk 1:18:26]} 13. g3 {[%clk 0:54:19]} Nxc4
{[%clk 1:01:18]} 14. Qxc4 {[%clk 0:54:31]} Be5 {[%clk 1:01:23]} 15. Bd2
{[%clk 0:52:20]} Bxc3 {[%clk 0:58:59]} 16. Bxc3 {[%clk 0:52:32]} Qxd5
{[%clk 0:51:16]} 17. Qxc7 {[%clk 0:47:59]} Rac8 {[%clk 0:51:25]} 18. Qf4
{[%clk 0:48:02]} Rc4 {[%clk 0:45:25]} 19. Qc1 {[%clk 0:42:20]} Re2
{[%clk 0:31:26]} 20. Qd1 {[%clk 0:38:53]} Rce4 {[%clk 0:26:45]} 21. a3
{[%clk 0:32:38]} Qf5 {[%clk 0:24:33]} 22. Qd8+ {[%clk 0:30:41]} Re8
{[%clk 0:24:41]} 23. Qd4 {[%clk 0:30:19]} Qh3 {[%clk 0:22:31]} 24. Rfe1
{[%clk 0:22:51]} Rxe1+ {[%clk 0:19:51]} 25. Rxe1 {[%clk 0:23:04]} Rxe1+
{[%clk 0:20:02]} 26. Bxe1 {[%clk 0:23:21]} h5 {[%clk 0:19:54]} 27. Bc3
{[%clk 0:21:39]} Qd7 {[%clk 0:10:49]} 28. Qxa7 {[%clk 0:20:02]} Ne4
{[%clk 0:09:50]} 29. Qd4 {[%clk 0:16:24]} Qxd4 {[%clk 0:09:04]} 30. Bxd4
{[%clk 0:16:50]} f5 {[%clk 0:08:57]} 31. f3 {[%clk 0:16:06]} Nd2 {[%clk 0:08:58]}
32. Kf2 {[%clk 0:15:41]} Kf7 {[%clk 0:09:09]} 33. Ke2 {[%clk 0:15:01]} Nb3
{[%clk 0:09:26]} 34. Bc3 {[%clk 0:14:59]} g5 {[%clk 0:09:35]} 35. Kd3
{[%clk 0:12:00]} Nc5+ {[%clk 0:08:12]} 36. Kd4 {[%clk 0:11:30]} Na4
{[%clk 0:07:48]} 37. Ke5 {[%clk 0:09:02]} Kg6 {[%clk 0:08:06]} 38. h3
{[%clk 0:08:50]} Nxc3 {[%clk 0:06:03]} 39. bxc3 {[%clk 0:09:09]} b5
{[%clk 0:06:27]} 40. g4 {[%clk 0:08:52]} f4 {[%clk 0:04:40]} 41. Kd5
{[%clk 0:09:00]} hxg4 {[%clk 0:04:47]} 42. hxg4 {[%clk 0:09:21]} 1-0

[Event "MSRCH16"]
[Site "?"]
[Date "2026.04.10"]
[Round "1.23"]
[White "Jokai, Bence"]
[Black "Kosut, Simon"]
[Result "1-0"]
[BlackElo "1603"]
[WhiteElo "1788"]
[LiveChessVersion "1.4.8"]

1. e4 {[%clk 1:30:55]} e5 {[%clk 1:30:09]} 2. Nf3 {[%clk 1:31:07]} Nc6
{[%clk 1:30:31]} 3. Bc4 {[%clk 1:31:29]} Bc5 {[%clk 1:30:25]} 4. b4
{[%clk 1:31:17]} Bxb4 {[%clk 1:29:58]} 5. c3 {[%clk 1:31:40]} Ba5
{[%clk 1:30:15]} 6. d4 {[%clk 1:31:45]} Nf6 {[%clk 1:23:21]} 7. dxe5
{[%clk 1:29:37]} Ng4 {[%clk 1:17:22]} 8. Bxf7+ {[%clk 1:15:48]} Kxf7
{[%clk 1:15:59]} 9. Ng5+ {[%clk 1:15:37]} Kg6 {[%clk 1:13:02]} 10. Qxg4
{[%clk 1:15:44]} d6 {[%clk 1:13:17]} 11. Ne6+ {[%clk 1:06:10]} Kf7
{[%clk 1:11:33]} 12. Nxd8+ {[%clk 1:06:34]} Rxd8 {[%clk 1:11:02]} 13. Qh5+
{[%clk 1:05:25]} Kg8 {[%clk 1:11:11]} 14. Bg5 {[%clk 1:05:35]} Rf8
{[%clk 1:11:04]} 15. O-O 1-0

[Event "MSRCH16"]
[Site "?"]
[Date "2026.04.10"]
[Round "1.24"]
[White "Kralovensky, Jan"]
[Black "Klenko, David"]
[Result "0-1"]
[BlackElo "1783"]
[WhiteElo "1581"]
[LiveChessVersion "1.4.8"]

1. d4 {[%clk 1:30:58]} d5 {[%clk 1:30:42]} 2. Bf4 {[%clk 1:30:26]} Nf6
{[%clk 1:30:03]} 3. e3 {[%clk 1:30:41]} c5 {[%clk 1:29:29]} 4. Nf3
{[%clk 1:30:35]} Nc6 {[%clk 1:29:10]} 5. c3 {[%clk 1:30:26]} Qb6 {[%clk 1:28:33]}
6. Qc2 {[%clk 1:28:20]} cxd4 {[%clk 1:25:50]} 7. exd4 {[%clk 1:27:44]} Bf5
{[%clk 1:24:41]} 8. Qb3 {[%clk 1:24:46]} Qxb3 {[%clk 1:23:16]} 9. axb3
{[%clk 1:25:08]} Nh5 {[%clk 1:18:31]} 10. Be3 {[%clk 1:24:02]} e6
{[%clk 1:16:39]} 11. Nh4 {[%clk 1:23:04]} Bd6 {[%clk 1:14:35]} 12. Nxf5
{[%clk 1:22:52]} exf5 {[%clk 1:15:00]} 13. Be2 {[%clk 1:21:33]} Nf6
{[%clk 1:14:14]} 14. Nd2 {[%clk 1:21:04]} f4 {[%clk 1:14:39]} 15. Nf1
{[%clk 1:17:53]} fxe3 {[%clk 1:12:15]} 16. Nxe3 {[%clk 1:17:54]} O-O
{[%clk 1:11:59]} 17. O-O {[%clk 1:18:09]} Bf4 {[%clk 1:11:59]} 18. Nc2
{[%clk 1:16:30]} Rfe8 {[%clk 1:11:33]} 19. Bf3 {[%clk 1:16:20]} Ne4
{[%clk 1:10:47]} 20. c4 {[%clk 1:14:56]} dxc4 {[%clk 1:10:02]} 21. bxc4
{[%clk 1:14:38]} Nd2 {[%clk 1:10:08]} 22. Bxc6 {[%clk 1:14:14]} bxc6
{[%clk 1:10:25]} 23. Rfd1 {[%clk 1:12:46]} Nxc4 {[%clk 1:10:44]} 24. b3
{[%clk 1:12:43]} Nb6 {[%clk 1:10:27]} 25. Nb4 {[%clk 1:10:37]} Rac8
{[%clk 1:08:44]} 26. Rxa7 {[%clk 1:10:15]} Bd6 {[%clk 1:09:03]} 27. Nd3
{[%clk 1:10:11]} Nd5 {[%clk 1:07:53]} 28. g3 {[%clk 1:01:22]} Rb8
{[%clk 1:06:07]} 29. Rd7 {[%clk 1:01:00]} Red8 {[%clk 1:05:48]} 30. Ra7
{[%clk 1:00:47]} Rxb3 {[%clk 1:05:25]} 31. Ne1 {[%clk 0:59:25]} Nc3
{[%clk 1:04:26]} 32. Rda1 {[%clk 0:58:28]} Ne2+ {[%clk 1:04:01]} 33. Kf1
{[%clk 0:57:27]} Nxd4 {[%clk 1:04:24]} 34. Rd1 {[%clk 0:57:22]} c5
{[%clk 1:03:01]} 35. Nc2 {[%clk 0:55:32]} Be5 {[%clk 1:02:36]} 36. Ne1
{[%clk 0:53:56]} h6 {[%clk 1:02:44]} 37. Kg2 {[%clk 0:52:56]} Nc6
{[%clk 1:02:17]} 38. Rad7 {[%clk 0:52:36]} Rxd7 {[%clk 1:02:30]} 39. Rxd7
{[%clk 0:53:04]} c4 {[%clk 1:02:08]} 40. Nf3 {[%clk 0:53:09]} c3 {[%clk 1:01:03]}
41. Nxe5 {[%clk 0:52:47]} Nxe5 {[%clk 1:01:20]} 42. Rd8+ {[%clk 0:53:02]} Kh7
{[%clk 1:01:40]} 43. Rc8 {[%clk 0:53:25]} Nd7 {[%clk 1:00:49]} 44. Kf1
{[%clk 0:53:30]} Nb6 {[%clk 1:00:01]} 45. Rc6 {[%clk 0:53:40]} Nd5
{[%clk 0:59:31]} 46. Ke2 {[%clk 0:53:50]} Rb2+ {[%clk 0:59:28]} 0-1

[Event "MSRCH16"]
[Site "?"]
[Date "2026.04.10"]
[Round "1.25"]
[White "Brand, Filip"]
[Black "Habara, Viliam"]
[Result "1-0"]
[BlackElo "1564"]
[WhiteElo "1777"]
[LiveChessVersion "1.4.8"]

1. b3 {[%clk 1:30:50]} e6 {[%clk 1:30:50]} 2. Bb2 {[%clk 1:31:07]} d5
{[%clk 1:31:10]} 3. e3 {[%clk 1:31:20]} c5 {[%clk 1:31:26]} 4. Nf3
{[%clk 1:31:39]} Nc6 {[%clk 1:31:49]} 5. d4 {[%clk 1:31:56]} Nf6 {[%clk 1:31:29]}
6. Bd3 {[%clk 1:31:59]} Bd6 {[%clk 1:30:24]} 7. Nbd2 {[%clk 1:31:50]} Qe7
{[%clk 1:29:48]} 8. Ne5 {[%clk 1:31:41]} Qc7 {[%clk 1:28:33]} 9. f4
{[%clk 1:31:32]} Nd7 {[%clk 1:27:36]} 10. O-O {[%clk 1:30:03]} f6
{[%clk 1:26:16]} 11. Qh5+ {[%clk 1:30:06]} 1-0

[Event "MSRCH16"]
[Site "?"]
[Date "2026.04.10"]
[Round "1.26"]
[White "Drabek, Matej"]
[Black "Kriscak, Simon"]
[Result "0-1"]
[BlackElo "1773"]
[WhiteElo "1560"]
[LiveChessVersion "1.4.8"]

1. e4 {[%clk 1:30:57]} c5 {[%clk 1:30:56]} 2. Nc3 {[%clk 1:31:16]} Nc6
{[%clk 1:31:19]} 3. Bc4 {[%clk 1:31:14]} e6 {[%clk 1:31:44]} 4. d3
{[%clk 1:31:20]} Nge7 {[%clk 1:32:01]} 5. Nf3 {[%clk 1:26:10]} d5
{[%clk 1:31:43]} 6. exd5 {[%clk 1:24:06]} exd5 {[%clk 1:32:06]} 7. Bb3
{[%clk 1:24:15]} d4 {[%clk 1:27:20]} 8. Ne4 {[%clk 1:22:56]} h6 {[%clk 1:26:43]}
9. O-O {[%clk 1:16:17]} Ng6 {[%clk 1:24:54]} 10. Re1 {[%clk 1:15:47]} Be6
{[%clk 1:20:16]} 11. Bd2 {[%clk 0:52:08]} Be7 {[%clk 1:15:28]} 12. Bxe6
{[%clk 0:32:26]} fxe6 {[%clk 1:13:58]} 13. Ng3 {[%clk 0:32:44]} e5
{[%clk 1:00:15]} 14. c3 {[%clk 0:31:25]} Qb6 {[%clk 0:51:22]} 15. Nf5
{[%clk 0:22:44]} Bf6 {[%clk 0:36:30]} 16. cxd4 {[%clk 0:21:05]} cxd4
{[%clk 0:34:50]} 17. N3xd4 {[%clk 0:14:44]} Nxd4 {[%clk 0:28:40]} 18. Qa4+
{[%clk 0:15:00]} Nc6 {[%clk 0:28:59]} 0-1